书目信息 |
| 题名: |
巾帼围棋名局鉴赏
|
|
| 作者: | 吴玉林 著 | |
| 分册: | ||
| 出版信息: | 北京 人民体育出版社 1998.01 |
|
| 页数: | 477页 | |
| 开本: | 32开 | |
| 丛书名: | ||
| 单 册: | ||
| 中图分类: | G891.3 | |
| 科图分类: | ||
| 主题词: | 文娱性体育活动 | |
| 电子资源: | ||
| ISBN: | 7-5009-1534-9 | |
| 000 | 00548nam0 2200193 45 | |
| 001 | 0005100934 | |
| 005 | 20000510093005.2 | |
| 010 | @a7-5009-1534-9@d25.00元 | |
| 100 | @a20000510d1998 km y0chiy0120 ea | |
| 101 | @achi | |
| 105 | @a z 000yy | |
| 200 | 1 | @a巾帼围棋名局鉴赏@AJin Guo Wei Qi Ming Ju Jian Shang@f吴玉林著@FWu Yu Lin Zhu |
| 210 | @a北京@c人民体育出版社@d1998.01 | |
| 215 | @a477页@d32开 | |
| 606 | 0 | @a文娱性体育活动 |
| 690 | @aG891.3@v3 | |
| 701 | @a吴玉林@4著 | |
| 801 | @aCN@bPftUser@c20000510 | |
| 905 | @f1@b54771@dG891.3@eW465 | |
| 巾帼围棋名局鉴赏/吴玉林著.-北京:人民体育出版社,1998.01 |
| 477页;32开 |
| ISBN 7-5009-1534-9:25.00元 |
| ● |
| 相关链接 |
|
|
|
正题名:巾帼围棋名局鉴赏
索取号:G891.3/W465
 
预约/预借
| 序号 | 登录号 | 条形码 | 馆藏地/架位号 | 状态 | 备注 |
| 1 | 54771 | 200547710 | 社科库409/409社科库 28排3列4层/ [索取号:G891.3/W465] | 在馆 |